Top 100 Albums - Artists (AOTY) - Statistics

General Stats
  • This quiz has been taken 209 times
  • The average score is 53 of 100
Answer Stats
Album Name Artist % Correct
Abbey Road - (1969) | Revolver - (1966) The Beatles
94%
To Pimp a Butterfly - (2015) | good kid, m.A.A.d city - (2012) Kendrick Lamar
91%
Thriller - (1982) Michael Jackson
90%
In Utero - (1993) | Nevermind - (1991) Nirvana
89%
Animals - (1977) | The Dark Side of the Moon - (1973) | Wish You Were Here - (1975) Pink Floyd
89%
Purple Rain - (1984) Prince and the Revolution
88%
In Rainbows - (2009) | Kid A - (2000) | OK Computer - (1997) Radiohead
87%
Station to Station - (1976) | The Rise and Fall of Ziggy Stardust and the Spiders From Mars - (1972) | ★ [Blackstar] - (2016) David Bowie
83%
The Miseducation of Lauryn Hill - (1998) Lauryn Hill
83%
Late Registration - (2005) | My Beautiful Dark Twisted Fantasy - (2010) | The College Dropout - (2004) Kanye West
82%
Enter the Wu-Tang (36 Chambers) - (1993) Wu-Tang Clan
82%
Innervisions - (1973) | Songs in the Key of Life - (1976) Stevie Wonder
78%
Master of Puppets - (1986) Metallica
76%
IGOR - (2019) Tyler, The Creator
72%
What's Going On - (1971) Marvin Gaye
71%
Illmatic - (1994) Nas
71%
In the Court of the Crimson King - (1969) | Red - (1974) King Crimson
66%
Paranoid - (1970) Black Sabbath
65%
Blonde - (2016) Frank Ocean
61%
Electric Ladyland - (1968) The Jimi Hendrix Experience
60%
Madvillainy - (2004) Madvillain
59%
Blonde on Blonde - (1966) | Highway 61 Revisited - (1965) Bob Dylan
57%
Grace - (1994) Jeff Buckley
56%
Toxicity - (2001) System of a Down
56%
Homogenic - (1997) | Vespertine - (2001) Björk
55%
Aquemini - (1998) OutKast
53%
Ready to Die - (1994) The Notorious B.I.G.
53%
The Low End Theory - (1991) A Tribe Called Quest
52%
Discovery - (2001) Daft Punk
51%
Bitches Brew - (1970) | In a Silent Way - (1969) | Kind of Blue - (1959) Miles Davis
51%
F♯ A♯ ∞ - (1997) | Lift Your Skinny Fists Like Antennas to Heaven - (2000) | Slow Riot for New Zerø Kanada E.P. - (1999) Godspeed You Black Emperor!
49%
Hounds of Love - (1985) Kate Bush
49%
Pink Moon - (1972) Nick Drake
49%
Blue - (1971) Joni Mitchell
47%
loveless - (1991) my bloody valentine
47%
Atrocity Exhibition - (2016) Danny Brown
46%
Remain in Light - (1980) Talking Heads
45%
Disintegration - (1989) The Cure
45%
Soundtracks for the Blind - (1996) | The Glowing Man - (2016) | The Seer - (2012) | To Be Kind - (2014) Swans
44%
Heaven or Las Vegas - (1990) Cocteau Twins
43%
The Downward Spiral - (1994) Nine Inch Nails
43%
A Love Supreme - (1965) John Coltrane
42%
Ants From Up There - (2022) Black Country, New Road
41%
LP! (Offline Version) - (2021) JPEGMAFIA
41%
Dummy - (1994) Portishead
41%
Carrie & Lowell - (2015) | Illinois - (2005) Sufjan Stevens
41%
Symbolic - (1995) | The Sound of Perseverance - (1998) Death
40%
The Glow, Pt. 2 - (2001) The Microphones
40%
When the Pawn… - (1999) Fiona Apple
39%
The Forever Story - (2022) JID
39%
Mezzanine - (1998) Massive Attack
39%
Donuts - (2006) J Dilla
38%
Piñata - (2014) Freddie Gibbs & Madlib
37%
Exmilitary - (2011) Death Grips
36%
Either/Or - (1997) Elliott Smith
36%
Deathconsciousness - (2008) Have a Nice Life
36%
Black on Both Sides - (1999) Mos Def
36%
Love Deluxe - (1992) Sade
36%
Twin Fantasy (Face to Face) - (2018) Car Seat Headrest
34%
Imaginal Disk - (2024) Magdalena Bay
34%
LONG SEASON - (1996) Fishmans
33%
The Black Saint and the Sinner Lady - (1963) Mingus
33%
All Things Must Pass - (1970) George Harrison
32%
Sometimes I Might Be Introvert - (2021) Little Simz
32%
The Infamous - (1995) Mobb Deep
32%
Since I Left You - (2000) The Avalanches
26%
Have One On Me - (2010) | Ys - (2006) Joanna Newsom
23%
A Crow Looked at Me - (2017) Mount Eerie
23%
solace - (2015) Earl Sweatshirt
21%
Construção - (1971) Chico Buarque
12%
Uneven Compromise - (2012) Lil Ugly Mane
12%
Clube da Esquina - (1972) Milton Nascimento & Lô Borges
11%
Karma - (1969) Pharoah Sanders
11%
Bocanada - (1999) Gustavo Cerati
9%
Sobrevivendo no Inferno - (1997) Racionais MC's
9%
No matching quizzes found
Score Distribution
Percent of People with Each Score
Percentile by Number Answered
Your Score History
You have not taken this quiz